Física elemental : tomo i /
Guardado en:
| Autor Principal: | |
|---|---|
| Otros Autores: | |
| Formato: | Libro |
| Publicado: |
Buenos Aires :
Nigar,
1974
|
| Materias: | |
| Etiquetas: |
Agregar Etiqueta
Sin Etiquetas, Sea el primero en etiquetar este registro!
|
| LEADER | 01799nam a22002295a 4500 | ||
|---|---|---|---|
| 001 | CEM.cems017879 | ||
| 005 | 20121113173805.0 | ||
| 008 | 130507s1974##################000#0#####d | ||
| 003 | CEMS | ||
| 082 | 0 | 4 | |a 530 |
| 100 | 1 | |a Fernández, José S. | |
| 245 | 1 | 0 | |a Física elemental : |b tomo i / |c José S. Fernández y Ernesto E. Galloni |
| 260 | |a Buenos Aires : |b Nigar, |c 1974 | ||
| 300 | |a 502 p. | ||
| 500 | |a Para uso de escuelas y colegios de Enseñanza Media | ||
| 505 | 0 | |a Magnitudes y mediciones -- Estática -- Momento de fuerzas -- Equilibrio -- Cinemática -- Dinámica -- Trabajo mecánico -- Energía -- Aplicaciones -- Péndulo -- Movimiento circular uniforme -- Movimiento oscilatorio armónico -- Movimiento de los planetas -- Rotación de un cuerpo rígico -- Hidrostática -- Hidrodinámica -- Ley de Boyle-Mariotte -- Bombas -- Máquinas neumáticas -- Dinámica de gases -- Resistencia al movimiento de los flúidos -- Elasticidad en sólidos, líquidos y gases -- Introducción a la acústica -- Movimiento vibratorio -- Sonido y sus características -- Acústica -- Termometría -- Dilatación de sólidos y líquidos -- Dilatación de gases -- Temperatura absoluta -- Ecuación de estado -- Termómetro de gas -- Calorimetría -- Equivalente mecánico del calor -- Conservación de la energía -- Propagación del calor -- Cambios de estado -- Fusión -- Vaporización -- Higrometría -- Volatilización -- Continuidad de los estados líquido y gaseoso -- Fenómenos críticos -- Vapores y gases -- Liquifacción de gases -- Difusión -- Osmosis -- Presión osmótica -- Máquinas térmicas | |
| 653 | |a Física | ||
| 653 | |a Mecánica | ||
| 653 | |a Acústica | ||
| 653 | |a Calor | ||
| 700 | 1 | |a Galloni, Ernesto E. | |
| 859 | |a CEMS |b BIB. CEMS - Agricultura |h 530 |i F391-1 |p A1659.12 |t Ej.1 |v 1 |3 1 | ||
